Kraje z najslabszym wojskiem - Statystyki

Ogólne statystyki
  • Ten quiz został rozwiązany 7 razy
  • Średni wynik to 5 z 10
Statystyki odpowiedzi
odpowiedz % Poprawnych
9 belize
67%
3 republika srodkowo afrykanska
67%
7 surinam
67%
1 bhutan
50%
10 panama
50%
6 sierra leone
50%
4 somalia
50%
2 benin
33%
5 kosowo
33%
8 liberia
33%
Nie znaleziono quizów pasujących do podanych kryteriów
Rozkład punktacji
Procent ludzi z każdym wynikiem
Percentyl według liczby udzielonych odpowiedzi
Twoja historia wyników
Nie rozwiązałeś tego quizu